000 00345pab a2200145 454500
008 180718b1995 xxu||||| |||| 00| 0 eng d
100 _aGuha Roy, Jaytilak
245 _aCase for privatising the police force
260 _c1995
300 _ap.12
362 _a22 Feb
650 _aPolice - India
773 _aTimes of India
909 _a28276
999 _c28276
_d28276